000 00386nam a2200157Ia 4500
008 221030s9999 xx 000 0 und d
020 _a0074633171
041 _aEnglish
082 _a105.23
_bPur
100 _aV. K. Puri
245 0 _aDigital Electronics Circuits & Systems
_cby V. K. Puri
260 _bTMH
_aNew Delhi
_c2000
300 _a446
650 _aBE Computer
942 _cBK
999 _c5645
_d5645